| 000 | 01414nam a22002177a 4500 | ||
|---|---|---|---|
| 003 | BJBSDDR | ||
| 005 | 20260414155543.0 | ||
| 007 | ta | ||
| 008 | 260414s2020 enk||||| |||| 00| 0 eng d | ||
| 020 | _a9780008339951 | ||
| 040 |
_bspa _cBJBSDDR |
||
| 041 | _aeng | ||
| 050 | _bSm657 2020 | ||
| 100 | 1 |
_aSmith, Raven _947948 |
|
| 245 | 1 | 0 |
_aRaven Smith's trivial pursuits / _cRaven Smith |
| 260 |
_aLondon : _b4th Estate, _c2020 |
||
| 300 |
_a263 pages ; _c21 cm |
||
| 520 | _aA hilarious, smart and incredibly singular debut from Raven Smith, whose exploration of the minutiae of everyday modern life and culture is totally unique and painfully relatable. Is being tall a social currency? Am I the contents of my fridge? Does yoga matter if you're not filthy rich? Is a bagel four slices of bread? Are three cigarettes a meal? From IKEA meatballs to minibreaks, join Raven Smith as he reflects on the importance we place in the least important things and our frivolous attempts to accomplish and attain. He also tackles his single-parent upbringing, his struggles as a lonely teenager and his personal experience of coming out. Packed with brilliant humour, great tenderness and lingering pathos, Raven Smith's Trivial Pursuits is a book for anyone who has ever asked 'when I get to the pearly gates of heaven, will a viral tweet count for or against my entry?' | ||
| 942 |
_2lcc _n0 _cBK |
||
| 946 | _icmc | ||
| 999 |
_c126817 _d126817 |
||